000 00688nam a2200241Ia 4500
005 20260121112623.0
008 7453 260114s9999 xx 000 0 eng d
020 _a9789812709745
037 _aEBOOK
040 _aCRL
_beng
_cCRL
041 _aeng
_2eng
084 _qCRL
100 _aWu Chai Wah
_9960529
245 0 _aSynchronization in Complex Networks of Nonlinear Dynamical Systems
260 _bWorld Scientific
260 _bWSPC
260 _c2007
650 _aNonlinear Science, Chaos & Dynamical Systems
_9960530
856 _uhttps://www.worldscientific.com/worldscibooks/10.1142/6570#t=toc
942 _cEBOOK
999 _c1544753
_d1544753